Electronic Records Management: International & National Standards (Record no. 2519)

MARC details
005 - DATE AND TIME OF LATEST TRANSACTION
control field 20250522132428.0
020 ## - INTERNATIONAL STANDARD BOOK NUMBER
International Standard Book Number 9781483955476
082 ## - DEWEY DECIMAL CLASSIFICATION NUMBER
Classification number 658.4
100 ## - MAIN ENTRY--PERSONAL NAME
Author name SMALLWOOD, R. F.
245 ## - TITLE STATEMENT
Title Electronic Records Management: International & National Standards
260 ## - PUBLICATION, DISTRIBUTION, ETC.
Place of publication, distribution, etc. New York,
Name of publisher, distributor, etc. Imerge Consulting,
Date of publication, distribution, etc. 2013
300 ## - PHYSICAL DESCRIPTION
Extent 65p.;
Dimensions 27cm.
942 ## - ADDED ENTRY ELEMENTS (KOHA)
Source of classification or shelving scheme Dewey Decimal Classification
Koha item type Books
Holdings
Date last seen Total checkouts Full call number Barcode Cost, replacement price Price effective from Koha item type Lost status Source of classification or shelving scheme Damaged status Not for loan Withdrawn status Home library Current library Shelving location Date acquired Cost, normal purchase price
05/22/2025   658.4SMA DOM00032 999999.99 05/22/2025 Books   Dewey Decimal Classification       CBE Dodoma CBE Dodoma Special Reserve Collection 03/12/2025 549024.00